00556nam a2200169Ia 4500008004100000020001800041041000800059082001700067100004000084245003900124250000600163260003900169300000800208650002500216999001900241952012600260210716s2009 xx 000 0 und d a9788131724316 aeng a658.421 MOTL aMotiwalla, Luvai F; Thompson, Jeff. aEnterprise systems for management. a1 aNew DelhibPearson Educationc2009 a352 aEnterprise Resources c205860d205860 001040708MBAaAIMITbAIMITd2010-12-15g299.00l0o658.421 MOTLpMBA08426r2026-05-23 00:00:00v224.25w2021-07-16yBK